Normale Ansicht MARC-Ansicht ISBD

Wir im Quartier (Titelsatznr. 80182)

[ MARC ]
MARC-Details
000 -Satzkennung
Kontrollfeld mit fester Länge 00614nam a2200205 4500
001 - Kontrollnummer
Kontrollfeld 19984
003 - Kontrollnummer Identifier
Kontrollfeld OSt
005 - Datum und Zeit der letzten Transaktion
Kontrollfeld 20240423134359.0
007 - Feld mit fester Länge zur physischen Beschreibung - Allgemeine Information
Kontrollfeld mit fester Länge tu
008 - Feld mit fester Länge zur physischen Beschreibung - Allgemeine Angaben
Kontrollfeld mit fester Länge 190729|||||||||||| ger
040 ## - Katalogisierungsquelle
Original-Katalogisierungsstelle DE-2950
Übertragungsstelle DE-2950
110 2# - Haupteintragung - Körperschaftsname
Körperschafts- oder Gebietskörperschaftsname als Eintragungselement Quartiersmanagement Frankfurt (Oder)
245 00 - Titel
Titel Wir im Quartier
Zusatz zum Titel Frankfurt (Oder) Innenstadt - Beresinchen
Verfasserangabe etc. Quartiersmanagement Frankfurt (Oder) "Innenstadt - Beresinchen"
264 ## - Produktion, Veröffentlichung, Distribution, Herstellung und Urheberrechtsvermerk
Herstellungs-, Veröffentlichungs- Vertriebs-, Erzeugungsort Frankfurt (Oder)
365 ## - Handelspreis
Währungscode
500 ## - Allgemeine Fußnote
Allgemeine Fußnote Bd. 1. H. 1-19.; Bd. 2: H. 20-24
546 ## - Fußnote zur Sprache
Sprache deutsch
942 ## - Zusätzliche Felder (Koha)
Klassifikation oder Aufstellungssystematik Andere/Generische Klassifikation
Koha-Medientyp Zeitschriften
Exemplare
Ausgeschieden Verloren Klassifikation oder Aufstellungssystematik Beschädigt Nicht entleihbar Heimatbibliothek Aufenthaltsbibliothek Erwerbungsdatum Kodierter Standort-Qualifier Anzahl Ausleihen Signatur Letzte Aktivität Preis gültig von Koha-Medientyp
    Andere/Generische Klassifikation     Stadtarchiv Frankfurt (Oder) | Archivbibliothek Stadtarchiv Frankfurt (Oder) | Archivbibliothek 25/11/2020 L   Z 17; IV: 1500 25/11/2020 25/11/2020 Zeitschriften